| 000 | 00808nam a2200253 a 4500 | ||
|---|---|---|---|
| 008 | |||
| 020 | _a0787952036 (pbk.) | ||
| 049 | _aMAIN | ||
| 090 |
_aHD58.8 _bORG |
||
| 245 | 0 | 4 |
_aThe organization of the future / _c[editors] Frances Hesselbein, Marshall Goldsmith, Richard Beckhard. |
| 260 |
_aSan Francisco, Calif. : _bJossey-Bass Publishers, _cc1997. |
||
| 300 |
_axvi, 397 p. : _bill. ; _c24 cm. |
||
| 440 | 0 | _aDrucker Foundation future series. | |
| 500 | _aIncludes index. | ||
| 650 | 0 | _aOrganizational change. | |
| 700 | 1 | _aHesselbein, Frances. | |
| 700 | 1 | _aGoldsmith, Marshall. | |
| 700 | 1 | _aBeckhard, Richard. | |
| 907 |
_a.b10140086 _b13-09-12 _c18-11-04 |
||
| 003 | |||
| 005 | 20230123133848.0 | ||
| 040 | _cNUST | ||
| 942 |
_cBOOKS _kHD58.8 _mORG |
||
| 999 |
_c155913 _d155913 |
||